Bordering countries by clue #1 - Statistics

General Stats
  • This quiz has been taken 50 times
  • The average score is 18 of 20
Answer Stats
Clue Country % Correct
Cristiano Ronaldo is from this country Portugal
100%
Canary Islands are a part of this country Spain
98%
Known in its own language as Österreich Austria
96%
Borders 14 countries Russia
96%
La Manche canal connects this country to the UK France
94%
Is majority Jewish Israel
94%
Neutral since 1815 Switzerland
94%
Has the second longest coastline on the Black Sea Ukraine
94%
Controls the Suez Canal Egypt
91%
Starts with the letter Z Zambia
91%
Completely surrounds 2 other countries Italy
89%
It's made up of 16 Voivodeships Poland
89%
Has a black, red and yellow flag Germany
87%
Colonised by Belgium Democratic Republic of the Congo
85%
Seperated away from the above in 2011 South Sudan
85%
Has a flag similar to Palestine Sudan
85%
His biggest city is located on two continents Turkey
85%
Changed his flag in 2024 after the overthrow of the previous government Syria
83%
His shortest border is with Turkey Azerbaijan
79%
Has orange on its flag Armenia
77%
No matching quizzes found
Score Distribution
Percent of People with Each Score
Percentile by Number Answered
Your Score History
You have not taken this quiz